000 00425pab a2200169 454500
008 180718b1980 xxu||||| |||| 00| 0 eng d
100 _aMukhopadhyay, Asok Kumar
245 _aLocal political leadership in the city government of Calcutta
260 _c1980
300 _ap.98-108.
362 _aJan-Mar
650 _aLeadership
650 _aLocal government
773 _aNagarlok
908 _aN
909 _a101991
999 _c101989
_d101989